[Event "RUS-chJ U18"]
[Site "Russia"]
[Date "2000.??.??"]
[Round "?"]
[White "Demidenko, Victor"]
[Black "Jakovenko, Dmitrij"]
[Result "1/2-1/2"]
[WhiteElo "2255"]
[BlackElo "2443"]
[PlyCount "70"]
[EventDate "2000.??.??"]
[EventType "swiss"]
[EventRounds "11"]
[EventCountry "RUS"]
[SourceTitle "EXT 2001"]
[Source "ChessBase"]
[SourceDate "2000.11.22"]
[SourceVersion "1"]
[SourceVersionDate "2000.11.22"]
[SourceQuality "1"]

1. c4 Nf6 2. Nc3 e6 3. e4 d5 4. e5 d4 5. exf6 dxc3 6. bxc3 Qxf6 7. d4 b6 8. Nf3 Bb7 9. Bd3 h6 10. Qe2 Bd6 11. Be4 c6 12. 0-0 0-0 13. Rb1 Nd7 14. Be3 Qe7 15. Nd2 Nf6 16. Bf3 e5 17. Qd3 Rae8 18. c5 bxc5 19. dxc5 Bb8 20. c4 Ba8 21. Ne4 Nxe4 22. Bxe4 f5 23. Bxf5 e4 24. Qd7 Bxh2+ 25. Kxh2 Qe5+ 26. Kg1 Qxf5 27. Qxf5 Rxf5 28. Rfd1 Rf7 29. Rd6 Bb7 30. g3 Kh7 31. Kf1 Ree7 32. Ke1 Rc7 33. Kd2 Bc8 34. Kc3 Bf5 35. Rb8 Rf8 1/2-1/2

[Event "RUS-chJ U18"]
[Site "Russia"]
[Date "2000.??.??"]
[Round "?"]
[White "Demidenko, Victor"]
[Black "Tarakanov, Mikhail"]
[Result "1/2-1/2"]
[WhiteElo "2255"]
[BlackElo "2161"]
[PlyCount "81"]
[EventDate "2000.??.??"]
[EventType "swiss"]
[EventRounds "11"]
[EventCountry "RUS"]
[SourceTitle "EXT 2001"]
[Source "ChessBase"]
[SourceDate "2000.11.22"]
[SourceVersion "1"]
[SourceVersionDate "2000.11.22"]
[SourceQuality "1"]

1. Nf3 d5 2. g3 Nf6 3. Bg2 c6 4. 0-0 Bf5 5. d3 e6 6. Nbd2 Be7 7. Re1 0-0 8. c3 h6 9. b4 a5 10. Qb3 a4 11. Qd1 Nbd7 12. a3 Bh7 13. Bb2 Bd6 14. e4 e5 15. c4 Re8 16. Rc1 b5 17. exd5 c5 18. bxc5 Nxc5 19. Ne4 Nfxe4 20. dxe4 Bxe4 21. cxb5 f5 22. Bf1 Qe7 23. Bc4 Kh7 24. Nd2 Nd3 25. Bxd3 Bxd3 26. Nc4 Bxc4 27. Rxc4 Qb7 28. Rxa4 Rab8 29. Ra6 Qxb5 30. Rxd6 Qxb2 31. a4 Qb4 32. Re6 e4 33. Rc6 Ra8 34. Re3 Qxa4 35. Qh5 Qa1+ 36. Kg2 Qe5 37. Qg6+ Kh8 38. d6 Qe6 39. Qxe6 Rxe6 40. Re1 Rd8 41. Rd1 1/2-1/2